000
00301 a2200109 4500
001
ART_7449
005
20260410161624.0
008
260409a
245
1
0
_a
La transferencia del control accionario
100
1
_a
Papa, Rodolfo G.
773
0
_t
Enfoques
_g
- NÂș 7 (jul. 2012)
_w
REV416
999
_c
11813
_d
11813